00887nam a22002657a 45000010005000000030009000050050017000140070005000310080043000360400022000790920017001011000017001182450126001352600041002613000024003024900017003267000039003437000026003828300017004089420012004259450027004379520110004649560032005749990015006060074DO-SdBNP20180131153841.00074151009b 1962 sp || 00| 0 spa d aBPMSUbspacBPMSU axxxxxbxxxxx10aBlyton, Enid aMisterio en la villa de los acebos /cEnid Blyton; traducción María Dolores Raich Ullan; ilustración Carlos Freixas aBarcelona, España :bMolino,c1962 a189 p.bil.c20 cm.10aAventurav3310aRaich Ullan, María Dolores,etr.10aFreixas, Carlos,eil.00aAventuran33 2ddccBK aInventariado, 2018/ YL 00102ddc40708CJ-GaBPMETbBPMETd2015-10-09eDonaciónl0pBPMSU15100076r2015-10-09w2015-10-09yBK aBrenda Tavárezb10cBPMSU c8354d8354